00930nab a2200277 uc450000100070000000500170000700800410002403500110006503500210007604000130009704100080011010000310011824501310014965000130028065000360029365000170032965000180034665000290036465000160039365000160040965000200042570000410044570000260048670000300051277301100054285517420240504090143.0031120e20030805 spa  a855174 a(OCoLC)820085407 ccomduadb aspa10aRuiz Vega, Jaime4auteaut10aColecta y evaluacion de nematodos entopatogenos para el control de gallinas ciegas Phyllophaga vetula (Horn) en Oaxaca, Mexico aMéxico aControl biológico de insectos aMelolontidos aColeópteros 7aPlagas agrícolas2lemb aNemátodos aSteinernema aHeterorhabditis10aAquino Bolaños, Teodulfo4auteaut10aKaya, Harry4auteaut10aStock, Patricia4auteaut0 tFolia Entomológica Mexicana (Xalapa)gVol. 042, No. 02, Ago. 2003, p. 169-173w255927x0430-8603097225